Statistics for Geometry Dash-General Knowledge #4

Click here to take the quiz!

General Stats

  • This quiz has been taken 118 times
  • The average score is 8 of 15

Answer Stats

QuestionAnswer% Correct
Which is the only RobTop level to end as a robot?Geometrical Dominator
98%
In the editor, which special block allows the wave to travel on blocks that otherwise would make the player crash? Type the letter.D
97%
As of date, Sunix and Skullo tied for the worst fail on Yatagarasu. On which percentage did they crash?98%
90%
Which player is claimed by most to be the godfather of straight-flying, introduced in his buffed Cataclysm update and his own megacollab masterpiece, Bloodbath?Riot
89%
Krazyman50 released a level on 1 October 2017 that featured a full-on digestive system, a realistic face and lip-syncing. What was the level called?Hungry Humphrey
84%
Which dash orb colour functions regularly, but switches your gravity?Pink
82%
Who made the easy demon Motion that is famous for its speed?TamaN
52%
Which megacollab by Rustam, AmorAMC, Zober and more featured an extreme demon where half the level was easy-demon difficulty, the difficulty increasing until 70% where it had the difficulty of an extreme demon?Deception Dive
51%
In the Digital Descent update, only TheDevon and whose part was not buffed?Etzer
45%
Which is the very first demon rated level to introduce straight-fly in update 1.6?ICE Carbon Diablo X
44%
Death Corridor is currently on the servers as a rated level. A famous player has claimed to verify it with video proof although he didn't have permission (depending on who you ask) amidst a hacking scandal with TAS/MacroBot. Who was this player?NoctaFly
27%
Riot was the fourth person to beat Old Cataclysm after Cyclic, GironDavid and who else? HINT: They beat it on the same day.Sandstorm
27%
"Multi Clysm" is a level created by whom which required you to beat Cataclysm twice in the same level?TrusTa
20%
Most would classify Stalemate Redux (GDTheTactiq, TheFrozenTide) as a ______ level.Memory
13%
In the upcoming level Fusion Z, set to be verified by Geomania, three people remade the original Fusion bossfight (by Manix648). They were TeslaX, Manix648 and ______.Edicts
7%

Score Distribution

Percentile by Number Answered

Percent of People with Each Score

Your Score History

You have not taken this quiz